[Event "Bunratty Masters 2016"]
[Site "Bunratty IRL"]
[Date "2016.02.20"]
[Round "3.11"]
[White "Wolferink, Frans"]
[Black "Walton, Alan J."]
[Result "1/2-1/2"]
[BlackTitle "CM"]
[WhiteElo "2092"]
[BlackElo "2216"]
[WhiteNationality "NED"]
[BlackNationality "ENG"]
[WhiteFideId "1003917"]
[BlackFideId "409898"]
[PlyCount "85"]
[EventDate "2016.02.19"]
[Source "TWIC 1112"]

{ Source: TWIC 1112. } { Reference: <a
href="http://www.irlchess.com/bunratty2016_allfiles/pairings_bunratty2016.html">Tournament
report</a>. }

1. e4 e6 2. d4 d5 3. Nd2 a6 4. Ngf3 Nf6 5. e5 Nfd7 6. Bd3 c5 7. c3 Nc6 8.
Qe2 g5 9. h3 h6 10. O-O Bg7 11. Re1 Qb6 12. c4 cxd4 13. cxd5 Ncxe5 14. dxe6
Qxe6 15. Nxd4 Qd5 16. Nf5 Kf8 17. Be4 Qb5 18. Qe3 Bf6 19. b3 Qb6 20. Ba3+
Kg8 21. Rac1 Qxe3 22. Rxe3 Nb6 23. Be7 Bxe7 24. Nxe7+ Kg7 25. Nxc8 Raxc8
26. Rxc8 Rxc8 27. Bxb7 Rc1+ 28. Nf1 f6 29. Bxa6 Nd5 30. Re4 Nc3 31. Rd4
Nxa2 32. Kh2 Rb1 33. Nd2 Rb2 34. Bc8 Nc1 35. Be6 Kf8 36. h4 Ke7 37. Bg8 Ne2
38. Nc4 Nxc4 39. Rxc4 Nf4 40. hxg5 hxg5 41. Kg1 Rb1+ 42. Kh2 Rb2 43. Kg1
1/2-1/2

[Event "Bunratty Masters 2016"]
[Site "Bunratty IRL"]
[Date "2016.02.20"]
[Round "3.12"]
[White "Larisch, Rolf"]
[Black "MacElligott, Gerard"]
[Result "0-1"]
[BlackTitle "CM"]
[WhiteElo "2155"]
[BlackElo "2082"]
[BlackICU "1986"]
[BlackClub "Elm Mount"]
[WhiteNationality "GER"]
[BlackNationality "IRL"]
[WhiteFideId "12976350"]
[BlackFideId "2500647"]
[PlyCount "48"]
[EventDate "2016.02.19"]
[Source "TWIC 1112"]

{ Source: TWIC 1112. } { Reference: <a
href="http://www.irlchess.com/bunratty2016_allfiles/pairings_bunratty2016.html">Tournament
report</a>. }

1. d4 e6 2. e4 d5 3. Nd2 Nf6 4. e5 Nfd7 5. Bd3 c5 6. c3 Nc6 7. Ne2 cxd4 8.
cxd4 f6 9. Nf4 Nxd4 10. Qh5+ Ke7 11. Ng6+ hxg6 12. exf6+ Nxf6 13. Qxh8 Kf7
14. O-O e5 15. Re1 e4 16. Bb1 Qa5 17. Qh4 Bf5 18. f3 e3 19. Rxe3 Bc5 20.
Kh1 Bxb1 21. b4 Nf5 22. Qxf6+ gxf6 23. bxa5 Bxe3 24. Rxb1 Ng3+ 0-1

[Event "Bunratty Masters 2016"]
[Site "Bunratty IRL"]
[Date "2016.02.20"]
[Round "3.13"]
[White "Rawlinson, Aidan M."]
[Black "Schockenbaeumer, Dirk"]
[Result "0-1"]
[WhiteElo "2208"]
[BlackElo "2155"]
[WhiteNationality "ENG"]
[BlackNationality "GER"]
[WhiteFideId "413496"]
[BlackFideId "4629574"]
[PlyCount "60"]
[EventDate "2016.02.19"]
[Source "TWIC 1112"]
[BlackFullName "Schockenb&auml;umer, Dirk"]

{ Source: TWIC 1112. } { Reference: <a
href="http://www.irlchess.com/bunratty2016_allfiles/pairings_bunratty2016.html">Tournament
report</a>. }

1. d4 Nf6 2. c4 g6 3. g3 Bg7 4. Bg2 d5 5. cxd5 Nxd5 6. Nc3 Nb6 7. Nf3 Nc6
8. e3 e5 9. d5 Ne7 10. e4 O-O 11. O-O Bg4 12. h3 Bd7 13. b3 Nec8 14. Ba3
Nd6 15. Rc1 Re8 16. Qc2 Bh6 17. Rcd1 Qf6 18. Ne1 Rac8 19. Nd3 Nb5 20. Bb2
Nd4 21. Qb1 Nf3+ 22. Kh1 c5 23. Ne2 c4 24. Ndf4 c3 25. Nxc3 exf4 26. Bxf3
Rxc3 27. Rd3 Rec8 28. Rxc3 Rxc3 29. Qe1 Bg7 30. g4 Qh4 0-1

[Event "Bunratty Masters 2016"]
[Site "Bunratty IRL"]
[Date "2016.02.20"]
[Round "3.14"]
[White "Cafolla, Peter"]
[Black "O'Connor, Jonathan"]
[Result "1/2-1/2"]
[WhiteElo "1990"]
[BlackElo "2182"]
[WhiteICU "1984"]
[BlackICU "2131"]
[WhiteClub "Curragh"]
[BlackClub "Dublin"]
[WhiteNationality "IRL"]
[BlackNationality "IRL"]
[WhiteFideId "2500884"]
[BlackFideId "2501112"]
[PlyCount "44"]
[EventDate "2016.02.19"]
[Source "TWIC 1112"]

{ Source: TWIC 1112. } { Reference: <a
href="http://www.irlchess.com/bunratty2016_allfiles/pairings_bunratty2016.html">Tournament
report</a>. }

1. e4 e6 2. d4 d5 3. e5 c5 4. c3 Qb6 5. Nf3 Nc6 6. a3 c4 7. Nbd2 Bd7 8. Be2
Na5 9. O-O Ne7 10. Ng5 h6 11. Nh3 O-O-O 12. Qe1 Ba4 13. Bh5 g6 14. Bd1 Qc6
15. f4 Bxd1 16. Qxd1 Nf5 17. Nf3 Nb3 18. Rb1 h5 19. Nhg5 Qe8 20. Qe2 Be7
21. Be3 Qg8 22. Bf2 Qg7 1/2-1/2

[Event "Bunratty Masters 2016"]
[Site "Bunratty IRL"]
[Date "2016.02.20"]
[Round "3.15"]
[White "Moran, Stephen"]
[Black "Spirek, Adam"]
[Result "1-0"]
[WhiteElo "2132"]
[BlackElo "2076"]
[WhiteICU "2108"]
[BlackICU "1958"]
[WhiteClub "T.C.D."]
[BlackClub "Cavan"]
[WhiteNationality "IRL"]
[BlackNationality "CZE"]
[WhiteFideId "2501872"]
[BlackFideId "310832"]
[PlyCount "50"]
[EventDate "2016.02.19"]
[Source "TWIC 1112"]
[BlackFullName "&Scaron;p&iacute;rek, Adam"]

{ Source: TWIC 1112. } { Reference: <a
href="http://www.irlchess.com/bunratty2016_allfiles/pairings_bunratty2016.html">Tournament
report</a>. }

1. d4 Nf6 2. c4 e6 3. Nc3 Bb4 4. e3 d5 5. cxd5 exd5 6. Bd3 O-O 7. Ne2 b6 8.
a3 Bxc3+ 9. bxc3 c5 10. O-O Ba6 11. Bxa6 Nxa6 12. f3 Re8 13. g4 h6 14. Ng3
cxd4 15. exd4 Rc8 16. Nf5 Nc7 17. Qd3 Ne6 18. Bd2 Qc7 19. Rae1 Nf8 20. Qb5
Ng6 21. Qb4 Rxe1 22. Rxe1 Re8 23. Rxe8+ Nxe8 24. Qb5 Nf6 25. Qe2 Qd7 1-0

[Event "Bunratty Masters 2016"]
[Site "Bunratty IRL"]
[Date "2016.02.20"]
[Round "3.16"]
[White "Fehr, Jukka"]
[Black "Murray, David B."]
[Result "1/2-1/2"]
[WhiteElo "1965"]
[BlackElo "2181"]
[BlackICU "2124"]
[BlackClub "Gonzaga"]
[WhiteNationality "FIN"]
[BlackNationality "IRL"]
[WhiteFideId "4674693"]
[BlackFideId "2501511"]
[PlyCount "92"]
[EventDate "2016.02.19"]
[Source "TWIC 1112"]

{ Source: TWIC 1112. } { Reference: <a
href="http://www.irlchess.com/bunratty2016_allfiles/pairings_bunratty2016.html">Tournament
report</a>. }

1. Nf3 c5 2. e3 g6 3. c4 Bg7 4. Nc3 Nf6 5. d4 cxd4 6. exd4 O-O 7. Be2 d5 8.
O-O Nc6 9. h3 b6 10. Be3 Bb7 11. Rb1 Rc8 12. b3 Na5 13. c5 bxc5 14. dxc5
Nc6 15. b4 a6 16. a4 Ra8 17. b5 axb5 18. axb5 Na5 19. c6 Nxc6 20. bxc6 Bxc6
21. Qd2 Qa5 22. Bd4 Rfc8 23. Rfc1 Qd8 24. Ne5 Qe8 25. Qe3 e6 26. Nxc6 Qxc6
27. Ne4 Qxc1+ 28. Rxc1 Nxe4 29. Rxc8+ Rxc8 30. Bxg7 Kxg7 31. Qd4+ Kg8 32.
Bd3 Rc1+ 33. Kh2 Rd1 34. Qe3 Nxf2 35. Qxf2 Rxd3 36. Qc2 Re3 37. Qd2 Re4 38.
Kg3 d4 39. Kf2 e5 40. g4 Re3 41. h4 Kg7 42. Kg2 f5 43. Qa5 d3 44. Qc7+ Kg8
45. Qd8+ Kg7 46. Qe7+ Kg8 1/2-1/2

[Event "Bunratty Masters 2016"]
[Site "Bunratty IRL"]
[Date "2016.02.20"]
[Round "3.17"]
[White "Byrne, Alex"]
[Black "O'Donnell, Conor"]
[Result "0-1"]
[BlackTitle "FM"]
[WhiteElo "1861"]
[BlackElo "2303"]
[WhiteICU "1929"]
[BlackICU "2284"]
[WhiteClub "St. Benildus"]
[BlackClub "Gonzaga"]
[WhiteNationality "IRL"]
[BlackNationality "IRL"]
[WhiteFideId "2508788"]
[BlackFideId "2504243"]
[PlyCount "100"]
[EventDate "2016.02.19"]
[Source "TWIC 1112"]

{ Source: TWIC 1112. } { Reference: <a
href="http://www.irlchess.com/bunratty2016_allfiles/pairings_bunratty2016.html">Tournament
report</a>. }

1. e4 c5 2. c3 Nf6 3. e5 Nd5 4. d4 cxd4 5. Nf3 Nc6 6. cxd4 d6 7. Bc4 Nb6 8.
Bb5 dxe5 9. Nxe5 Bd7 10. Bxc6 Bxc6 11. Nxc6 bxc6 12. Nc3 g6 13. O-O Bg7 14.
Qf3 Rc8 15. Rd1 O-O 16. Qe4 e6 17. Bf4 Nd5 18. Be5 Qa5 19. Bxg7 Nxc3 20.
bxc3 Kxg7 21. Qe5+ Qxe5 22. dxe5 Rfd8 23. Kf1 g5 24. Rab1 Rb8 25. Rxd8
Rxb1+ 26. Ke2 Rb5 27. Rc8 Rxe5+ 28. Kd3 Rf5 29. Ke3 Re5+ 30. Kd3 Ra5 31.
Rxc6 Rxa2 32. Ke3 h5 33. c4 Kf6 34. Rc7 e5 35. h3 a5 36. g4 Ra3+ 37. Ke4
Rxh3 38. Rc6+ Ke7 39. gxh5 f6 40. Ra6 Rxh5 41. Kd5 Rh2 42. Ra7+ Kd8 43. Kd6
Kc8 44. Kc6 Kb8 45. Rb7+ Ka8 46. Rf7 a4 47. Kb6 Rh8 48. Ra7+ Kb8 49. c5 Rh4
50. Rf7 Rb4+ 0-1

[Event "Bunratty Masters 2016"]
[Site "Bunratty IRL"]
[Date "2016.02.20"]
[Round "3.18"]
[White "Houston, David"]
[Black "Fox, Anthony"]
[Result "1/2-1/2"]
[WhiteElo "2235"]
[BlackElo "2022"]
[BlackICU "2016"]
[WhiteUCU "2091"]
[WhiteClub "Ballynafeigh"]
[BlackClub "Dun Laoghaire"]
[WhiteNationality "IRL"]
[BlackNationality "IRL"]
[WhiteFideId "2505355"]
[BlackFideId "2500736"]
[PlyCount "61"]
[EventDate "2016.02.19"]
[Source "TWIC 1112"]

{ Source: TWIC 1112. } { Reference: <a
href="http://www.irlchess.com/bunratty2016_allfiles/pairings_bunratty2016.html">Tournament
report</a>. }

1. e4 e5 2. Nf3 Nc6 3. d4 exd4 4. Nxd4 Nf6 5. Nc3 Bb4 6. Nxc6 bxc6 7. Bd3
d5 8. exd5 cxd5 9. O-O O-O 10. Bg5 c6 11. Qf3 h6 12. Bxf6 Qxf6 13. Qxf6
gxf6 14. Ne2 Re8 15. Ng3 Kf8 16. Nh5 f5 17. f4 Bc5+ 18. Kh1 Rb8 19. b3 Bd4
20. Rad1 Bc3 21. Ng3 Re3 22. Nxf5 Bxf5 23. Bxf5 Rb7 24. g3 Rbe7 25. Kg2 Kg7
26. Bd3 a5 27. a4 c5 28. Bb5 d4 29. f5 Kf6 30. Bd3 Re1 31. Rdxe1 1/2-1/2

[Event "Bunratty Masters 2016"]
[Site "Bunratty IRL"]
[Date "2016.02.20"]
[Round "3.19"]
[White "Cabanas Jimenez, Manuel"]
[Black "Skulte, Christopher"]
[Result "1/2-1/2"]
[WhiteElo "2070"]
[BlackElo "2011"]
[WhiteNationality "ESP"]
[BlackNationality "AUS"]
[WhiteFideId "2268647"]
[BlackFideId "3214044"]
[PlyCount "43"]
[EventDate "2016.02.19"]
[Source "TWIC 1112"]
[WhiteFullName "Caba&ntilde;as Jimenez, Manuel"]

{ Source: TWIC 1112. } { Reference: <a
href="http://www.irlchess.com/bunratty2016_allfiles/pairings_bunratty2016.html">Tournament
report</a>. }

1. e4 c5 2. Nf3 e6 3. d4 cxd4 4. Nxd4 Nf6 5. Nc3 Nc6 6. Ndb5 d6 7. Bf4 e5
8. Bg5 a6 9. Na3 b5 10. Nd5 Be7 11. Bxf6 Bxf6 12. c3 Bg5 13. Nc2 O-O 14. a4
Rb8 15. axb5 axb5 16. Ncb4 Nxb4 17. Nxb4 Bb7 18. Bd3 f5 19. Qe2 fxe4 20.
Bxe4 d5 21. Rd1 d4 22. O-O 1/2-1/2

[Event "Bunratty Masters 2016"]
[Site "Bunratty IRL"]
[Date "2016.02.20"]
[Round "3.20"]
[White "Gelip, Ioana"]
[Black "Salsac, Eric"]
[Result "0-1"]
[WhiteElo "2132"]
[BlackElo "1972"]
[BlackICU "1861"]
[WhiteNationality "ROU"]
[BlackNationality "IRL"]
[WhiteFideId "1202260"]
[BlackFideId "15600211"]
[PlyCount "48"]
[EventDate "2016.02.19"]
[Source "TWIC 1112"]

{ Source: TWIC 1112. } { Reference: <a
href="http://www.irlchess.com/bunratty2016_allfiles/pairings_bunratty2016.html">Tournament
report</a>. }

1. e4 c5 2. Nf3 d6 3. d4 cxd4 4. Nxd4 Nf6 5. Nc3 a6 6. Bc4 b5 7. Bb3 e6 8.
Bg5 Be7 9. Qf3 Qc7 10. e5 Bb7 11. exd6 Bxd6 12. Qe3 Bc5 13. O-O-O Nc6 14.
Qxe6+ fxe6 15. Nxe6 Qe7 16. Rhe1 Qxe6 17. Rxe6+ Kf8 18. Bxf6 gxf6 19. Rxf6+
Ke8 20. Rf7 Ne7 21. Rf6 Rf8 22. Re6 Rd8 23. Rde1 Rxf2 24. Rh6 Be3+ 0-1

[Event "Bunratty Masters 2016"]
[Site "Bunratty IRL"]
[Date "2016.02.20"]
[Round "3.21"]
[White "McMorrow, John"]
[Black "Denger, Philipp"]
[Result "1/2-1/2"]
[WhiteElo "1971"]
[BlackElo "2088"]
[WhiteICU "1829"]
[WhiteClub "Gonzaga"]
[WhiteNationality "IRL"]
[BlackNationality "GER"]
[WhiteFideId "2501481"]
[BlackFideId "4678150"]
[PlyCount "45"]
[EventDate "2016.02.19"]
[Source "TWIC 1112"]

{ Source: TWIC 1112. } { Reference: <a
href="http://www.irlchess.com/bunratty2016_allfiles/pairings_bunratty2016.html">Tournament
report</a>. }

1. e4 e6 2. b3 d5 3. Bb2 d4 4. Nf3 c5 5. Na3 Nc6 6. Nc4 Qc7 7. e5 f6 8.
exf6 Nxf6 9. c3 dxc3 10. dxc3 Be7 11. Be2 O-O 12. O-O e5 13. Nfd2 Bf5 14.
Ne3 Bg6 15. Bc4+ Kh8 16. Nd5 Nxd5 17. Bxd5 Rad8 18. c4 Nb4 19. Nf3 Bf6 20.
a3 Nd3 21. Bc3 b6 22. g3 h6 23. Qe2 1/2-1/2

[Event "Bunratty Masters 2016"]
[Site "Bunratty IRL"]
[Date "2016.02.20"]
[Round "3.22"]
[White "Keogh, Eamon"]
[Black "Fegan, Chris"]
[Result "1-0"]
[WhiteTitle "NM"]
[WhiteElo "2028"]
[BlackElo "2077"]
[WhiteICU "1924"]
[WhiteClub "Kilkenny"]
[WhiteNationality "IRL"]
[BlackNationality "ENG"]
[WhiteFideId "2500264"]
[BlackFideId "410047"]
[PlyCount "65"]
[EventDate "2016.02.19"]
[Source "TWIC 1112"]

{ Source: TWIC 1112. } { Reference: <a
href="http://www.irlchess.com/bunratty2016_allfiles/pairings_bunratty2016.html">Tournament
report</a>. }

1. e4 c5 2. Nc3 g6 3. g3 Bg7 4. Bg2 Nc6 5. d3 d6 6. Nge2 e5 7. O-O f5 8. f4
Nf6 9. Nd5 Nxd5 10. exd5 Ne7 11. c4 O-O 12. Qc2 Bd7 13. Bd2 h6 14. Rae1 b5
15. fxe5 bxc4 16. exd6 Nc8 17. dxc4 Nxd6 18. Nf4 Bd4+ 19. Kh1 Rf6 20. Ne6
Bxe6 21. dxe6 Rb8 22. b3 Kg7 23. e7 Qd7 24. Bf4 Re8 25. Qd2 g5 26. Be5 Bxe5
27. Rxe5 Rxe7 28. Rxc5 Qe6 29. Rd5 Ne4 30. Qd4 f4 31. gxf4 gxf4 32. Rxf4
Nf2+ 33. Rxf2 1-0

[Event "Bunratty Masters 2016"]
[Site "Bunratty IRL"]
[Date "2016.02.20"]
[Round "3.23"]
[White "Li, Henry"]
[Black "Mulligan, Scott"]
[Result "1/2-1/2"]
[WhiteElo "1929"]
[BlackElo "1895"]
[WhiteICU "2016"]
[BlackICU "1914"]
[WhiteClub "Gonzaga"]
[BlackClub "Rathmines"]
[WhiteNationality "IRL"]
[BlackNationality "IRL"]
[WhiteFideId "2508524"]
[BlackFideId "2507498"]
[PlyCount "68"]
[EventDate "2016.02.19"]
[Source "TWIC 1112"]

{ Source: TWIC 1112. } { Reference: <a
href="http://www.irlchess.com/bunratty2016_allfiles/pairings_bunratty2016.html">Tournament
report</a>. }

1. e4 e6 2. d4 d5 3. Nd2 Nf6 4. e5 Nfd7 5. c3 c5 6. Bd3 Nc6 7. Ngf3 Be7 8.
O-O a5 9. Re1 c4 10. Bc2 b5 11. Qe2 b4 12. Kh1 a4 13. Ng1 a3 14. Qg4 g6 15.
bxa3 bxc3 16. Nb1 Qb6 17. Ne2 Ndxe5 18. dxe5 Qxf2 19. Qg3 Qxg3 20. hxg3
Nxe5 21. Nbxc3 Ng4 22. Nf4 Bb7 23. Rb1 O-O-O 24. Na4 Bc6 25. Nb6+ Kc7 26.
Bd2 Bc5 27. Ba5 Kd6 28. Na4 Bxa4 29. Bxa4 Ra8 30. Rb7 Nf2+ 31. Kh2 Ng4+ 32.
Kh1 Nf2+ 33. Kh2 Ng4+ 34. Kh3 Nf2+ 1/2-1/2

[Event "Bunratty Masters 2016"]
[Site "Bunratty IRL"]
[Date "2016.02.20"]
[Round "4.1"]
[White "Short, Nigel"]
[Black "Hebden, Mark"]
[Result "1-0"]
[WhiteTitle "GM"]
[BlackTitle "GM"]
[WhiteElo "2684"]
[BlackElo "2467"]
[WhiteNationality "ENG"]
[BlackNationality "ENG"]
[WhiteFideId "400025"]
[BlackFideId "400084"]
[PlyCount "95"]
[EventDate "2016.02.19"]
[Source "TWIC 1112"]

{ Source: TWIC 1112. } { Reference: <a
href="http://www.irlchess.com/bunratty2016_allfiles/pairings_bunratty2016.html">Tournament
report</a>. }

1. g3 g6 2. Bg2 Bg7 3. e4 d5 4. exd5 Nf6 5. Nc3 Nbd7 6. Nf3 O-O 7. O-O Nb6
8. Re1 a5 9. d4 Nbxd5 10. Na4 Bf5 11. c3 c6 12. Ne5 Nd7 13. Nxd7 Bxd7 14.
Nc5 b6 15. Nxd7 Qxd7 16. a4 Rfe8 17. Qb3 e6 18. Bd2 Rab8 19. h4 h5 20. Bg5
Bf8 21. Rad1 Kh7 22. Qc2 Bh6 23. Bxh6 Kxh6 24. Re5 Kg7 25. Bf3 b5 26. axb5
cxb5 27. Rde1 a4 28. Qe2 Nf6 29. Rc5 Rb6 30. Qe5 Rd8 31. Bxh5 Qd6 32. Bf3
b4 33. Qxd6 Rdxd6 34. Ra1 a3 35. bxa3 bxc3 36. Rxc3 Rxd4 37. a4 Ra6 38. a5
Nd5 39. Rc5 Kf6 40. Be2 Ra7 41. a6 Rd2 42. Bf1 Nb4 43. Rb1 Nd3 44. Rc3 Ne5
45. f4 Nd7 46. Rb7 Rxb7 47. axb7 Rb2 48. Bg2 1-0

[Event "Bunratty Masters 2016"]
[Site "Bunratty IRL"]
[Date "2016.02.20"]
[Round "4.2"]
[White "Korneev, Oleg"]
[Black "Collins, Sam"]
[Result "1/2-1/2"]
[WhiteTitle "GM"]
[BlackTitle "IM"]
[WhiteElo "2581"]
[BlackElo "2442"]
[BlackICU "2416"]
[BlackClub "Gonzaga"]
[WhiteNationality "ESP"]
[BlackNationality "IRL"]
[WhiteFideId "4156803"]
[BlackFideId "2501198"]
[PlyCount "78"]
[EventDate "2016.02.19"]
[Source "TWIC 1112"]

{ Source: TWIC 1112. } { Reference: <a
href="http://www.irlchess.com/bunratty2016_allfiles/pairings_bunratty2016.html">Tournament
report</a>. }

1. e4 e5 2. Nf3 Nc6 3. Bb5 a6 4. Ba4 Nf6 5. d3 d6 6. c3 g6 7. O-O Bg7 8.
Nbd2 O-O 9. Re1 h6 10. Nf1 Bd7 11. Ng3 Qe7 12. h3 Rae8 13. d4 Nh7 14. dxe5
dxe5 15. Be3 Rd8 16. Qc1 h5 17. b4 Rfe8 18. Bb3 Be6 19. Qc2 Bxb3 20. axb3
Bf6 21. Rad1 Ng5 22. Nxg5 Bxg5 23. Nf1 Rxd1 24. Rxd1 Rd8 25. Bxg5 Qxg5 26.
Ne3 Kg7 27. Qe2 Rxd1+ 28. Qxd1 Qe7 29. Qd5 Nd8 30. Nc4 f6 31. b5 axb5 32.
Qxb5 c6 33. Qb6 Qd7 34. Kh2 Nf7 35. Qc5 h4 36. f3 Qd1 37. Qe7 Qe1 38. Nd6
Qg3+ 39. Kh1 Qe1+ 1/2-1/2

[Event "Bunratty Masters 2016"]
[Site "Bunratty IRL"]
[Date "2016.02.20"]
[Round "4.3"]
[White "Williams, Simon K."]
[Black "Wells, Peter K."]
[Result "1-0"]
[WhiteTitle "GM"]
[BlackTitle "GM"]
[WhiteElo "2435"]
[BlackElo "2427"]
[WhiteNationality "ENG"]
[BlackNationality "ENG"]
[WhiteFideId "404454"]
[BlackFideId "400327"]
[PlyCount "79"]
[EventDate "2016.02.19"]
[Source "TWIC 1112"]

{ Source: TWIC 1112. } { Reference: <a
href="http://www.irlchess.com/bunratty2016_allfiles/pairings_bunratty2016.html">Tournament
report</a>. }

1. d4 Nf6 2. Nf3 e6 3. c4 b6 4. g3 Bb4+ 5. Nbd2 Bb7 6. Bg2 O-O 7. O-O Be7
8. d5 exd5 9. Nh4 g6 10. cxd5 Nxd5 11. Ne4 Re8 12. b4 Bxh4 13. gxh4 Qxh4
14. Qd4 Rxe4 15. Qxe4 Qxe4 16. Bxe4 Na6 17. a3 Re8 18. Bf3 c6 19. Bxd5 cxd5
20. Bf4 f6 21. Rac1 g5 22. Be3 Bc6 23. Bd4 Kf7 24. e3 Nc7 25. a4 b5 26. a5
a6 27. f4 g4 28. f5 Re4 29. Rf2 h5 30. Rfc2 Ne8 31. Rxc6 dxc6 32. Rxc6 Re7
33. Rxa6 Rc7 34. Bc5 Ng7 35. Rb6 Nxf5 36. a6 Ne7 37. Rxb5 Nc6 38. Rb6 Ke8
39. b5 Ne5 40. a7 1-0

[Event "Bunratty Masters 2016"]
[Site "Bunratty IRL"]
[Date "2016.02.20"]
[Round "4.4"]
[White "Costachi, Mihnea"]
[Black "Heidenfeld, Mark"]
[Result "1/2-1/2"]
[WhiteTitle "FM"]
[BlackTitle "IM"]
[WhiteElo "2409"]
[BlackElo "2370"]
[BlackICU "2350"]
[BlackClub "Kilkenny"]
[WhiteNationality "ROU"]
[BlackNationality "IRL"]
[WhiteFideId "1217518"]
[BlackFideId "2500990"]
[PlyCount "97"]
[EventDate "2016.02.19"]
[Source "TWIC 1112"]

{ Source: TWIC 1112. } { Reference: <a
href="http://www.irlchess.com/bunratty2016_allfiles/pairings_bunratty2016.html">Tournament
report</a>. }

1. d4 d5 2. c4 c6 3. Nf3 e6 4. Nc3 Nf6 5. Bg5 Be7 6. e3 Nbd7 7. cxd5 exd5
8. Bd3 Nf8 9. Qc2 Ne6 10. Bh4 g6 11. O-O O-O 12. Ne5 Ng7 13. Rab1 Bf5 14.
b4 a6 15. a4 Nd7 16. Bg3 Nxe5 17. Bxe5 f6 18. Bg3 Bxd3 19. Qxd3 Nf5 20. Qc2
Bd6 21. b5 axb5 22. axb5 Bxg3 23. hxg3 Nd6 24. bxc6 bxc6 25. e4 dxe4 26.
Nxe4 Nxe4 27. Qxe4 Qd5 28. Qxd5+ cxd5 29. Rb5 Rad8 30. Ra1 Rf7 31. g4 Rd6
32. Ra8+ Kg7 33. Kh2 g5 34. Rbb8 Re7 35. Rd8 Rxd8 36. Rxd8 Re4 37. Rxd5
Rxg4 38. f3 Rh4+ 39. Kg1 g4 40. g3 Rh3 41. Kg2 h5 42. Rf5 Kg6 43. Rf4 f5
44. d5 h4 45. d6 Rxg3+ 46. Kf2 Kf7 47. Rxf5+ Ke6 48. fxg4 Rxg4 49. Rh5
1/2-1/2

[Event "Bunratty Masters 2016"]
[Site "Bunratty IRL"]
[Date "2016.02.20"]
[Round "4.5"]
[White "Schockenbaeumer, Dirk"]
[Black "Jones, Gawain"]
[Result "0-1"]
[BlackTitle "GM"]
[WhiteElo "2155"]
[BlackElo "2629"]
[WhiteNationality "GER"]
[BlackNationality "ENG"]
[WhiteFideId "4629574"]
[BlackFideId "409561"]
[PlyCount "40"]
[EventDate "2016.02.19"]
[Source "TWIC 1112"]
[WhiteFullName "Schockenb&auml;umer, Dirk"]

{ Source: TWIC 1112. } { Reference: <a
href="http://www.irlchess.com/bunratty2016_allfiles/pairings_bunratty2016.html">Tournament
report</a>. }

1. Nf3 g6 2. d4 Bg7 3. c4 Nf6 4. Nc3 d6 5. e4 O-O 6. Be2 Nbd7 7. O-O e5 8.
d5 Nc5 9. Qc2 a5 10. Nd2 Ne8 11. b3 f5 12. a3 Nf6 13. f3 Bh6 14. Ra2 Nh5
15. Rd1 Be3+ 16. Kh1 f4 17. Nf1 Bf2 18. Bd3 Ng3+ 19. hxg3 fxg3 20. Be3 Qh4+
0-1

[Event "Bunratty Masters 2016"]
[Site "Bunratty IRL"]
[Date "2016.02.20"]
[Round "4.6"]
[White "MacElligott, Gerard"]
[Black "Baburin, Alexander"]
[Result "0-1"]
[WhiteTitle "CM"]
[BlackTitle "GM"]
[WhiteElo "2082"]
[BlackElo "2490"]
[WhiteICU "1986"]
[BlackICU "2429"]
[WhiteClub "Elm Mount"]
[BlackClub "Kilkenny"]
[WhiteNationality "IRL"]
[BlackNationality "IRL"]
[WhiteFideId "2500647"]
[BlackFideId "2500914"]
[PlyCount "82"]
[EventDate "2016.02.19"]
[Source "TWIC 1112"]

{ Source: TWIC 1112. } { Reference: <a
href="http://www.irlchess.com/bunratty2016_allfiles/pairings_bunratty2016.html">Tournament
report</a>. }

1. d4 Nf6 2. Bf4 g6 3. e3 Bg7 4. Nf3 O-O 5. Be2 d6 6. c4 Nbd7 7. Nc3 c6 8.
Qc2 a6 9. O-O b5 10. a3 Bb7 11. h3 bxc4 12. Bxc4 c5 13. Be2 cxd4 14. exd4
Nb6 15. Rac1 Nfd5 16. Nxd5 Nxd5 17. Bd2 Qb6 18. Qa4 e5 19. Rfd1 h6 20. Ba5
Qa7 21. dxe5 dxe5 22. Bc4 Nb6 23. Qb3 Nxc4 24. Rxc4 Rac8 25. Rd7 Qa8 26.
Rcc7 Rxc7 27. Rxc7 Bd5 28. Qe3 Qb8 29. Qc5 Bxf3 30. gxf3 Qxb2 31. Rc8 Qb1+
32. Kg2 Qf5 33. Rc6 Rb8 34. Rb6 Rc8 35. Rc6 Rxc6 36. Qxc6 e4 37. Bb4 Qxf3+
38. Kg1 Kh7 39. Qd5 Qf5 40. Qc4 Qg5+ 41. Kf1 Qb5 0-1